1362 1600 1056 1473 1000 1260 1554 1843 1321 1708 1383 1485 1746 1219 1318 1041 1729 1379 1969 1296 1832 1099 1703 1590 1907 1798 1009 1490 1193 1740 1248 1191 1422 1763 1423 1360 1616 1641 1402 1343 1528 1598 1423 1293 1798 1127 1814 1022 1889 1627 1844 1567 1447 1778 1438 1156 1261 1504 1843 1300 1830 1685 1746 1881 1492 1948 1495 1795 1722 1790 1694 1126 1702 1640 1427 1184 1367 1902 1576 1748 1289 1404 1209 1726 1773 1092 1462 1422 1849 1708 1001 1533 1761 1482 1216 1405 1926 1290 1008 BCNSPRNW ULIB Ver.6.0+V

เปลี่ยนเป็นภาษาไทย

Change to English
 แสดงรายละเอียดบรรณานุกรม
  กลับหน้าหลัก

Brief Record : Get Marc (ISO 2709) : E-mail record : QR code < ปิดหน้าต่าง
LEADER : 00000nam 2200000uu 4500
001    13399112296
003     ULIB
008    110627s2550||||th 000 0 tha d
020    9789747640526
090    นว.^bป661ช 2550
100 0  ปุณณัตถ์
245 00 ลิขิตลับ ชะตารัก/^cปุณณัตถ์
250    พิมพ์ครั้งที่ 1
260    กรุงเทพฯ :^bบลูเบลล์,^c2550
300    334 หน้า
710 1  บลูเบลล์
945    ^p219^l0^i021022
995    ทศพร
999 ^a ใช้งานได้ทุกระบบ
รายการนี้ยังไม่มีแท็ก
คุณยังไม่ได้ล็อกอิน คุณสามารถมีกิจกรรมร่วมกับเว็บไซต์ได้ แต่ต้องล็อกอินก่อน ::
  ล็อกอิน

รายการสื่อสารสนเทศ

ลำดับที่ ประเภท เลขเรียก/บาร์โค้ด สถานที่ สถานะ
- ไม่พบข้อมูล -

BibComment


ยังไม่เคยถูกคอมเมนท์

คอมเมนท์ทรัพยากรรายการนี้
  คอมเมนท์: ลิขิตลับ ชะตารัก ..


 Copyright 2026. Bcnsprnw @Library